Biblioteca

Not everyone learns alike (Registro nro. 68914)

Detalles MARC
000 -LÍDER
Campo fijo de descripción fija 00732nab a2200205 i 4500
001 - NÚMERO DE CONTROL
Campo de control 768714001
003 - IDENTIFICADOR DEL NÚMERO DE CONTROL
Campo de control CO-MdFUSB
005 - FECHA Y HORA DE LA ULTIMA TRANSACCIÓN
control field 20230530122439.0
008 - ELEMENTOS DE LONGITUD FIJA -- INFORMACIÓN GENERAL
Campo fijo de descripción fija -- Información general 230530s1987 us ||||| |||| 00| 0 eng d
040 ## - FUENTE DE CATALOGACIÓN
Idioma de catalogación spa
Agencia Catalogadora CO-MdFUSB
Agencia que realiza la transcripción CO-MdFUSB
Agencia que realiza la modificación CO-MdFUSB
041 ## - CÓDIGO DE IDIOMA
Código de idioma para texto/pista de sonido o título separado eng
100 ## - ASIENTO PRINCIPAL--NOMBRE PERSONAL
Nombre personal Zettler, Penny
Término relacionador autor
245 ## - TÍTULO
Título Not everyone learns alike
Mención de responsabilidad / Penny Zettler
300 ## - DESCRIPCIÓN FÍSICA
Extensión Volumen 8, número 3 (Summer 1987), páginas 28 - 33
Dimensiones ; 27 cm
520 ## - NOTA DE RESUMEN, ETC.
Nota de sumario, etc. Cómo enseñar de la manera en que las personas aprenden mejor.
546 ## - NOTA DE IDIOMA
Nota de idioma Texto en Inglés
653 ## - TÉRMINO DE INDIZACIÓN - NO CONTROLADO
Término no controlado Pedagogía
773 0# - ASIENTO DE ITEM FUENTE
Biblionumber 68780
Itemnumber 81986
Otro identificador del ítem R2474
Título Leadership :
Número de control del registro (CO-MdFUSB)768714001
Parte(s) relacionada(s) / Volumen., número. (mes año), páginas Volumen 8, número 3 (Summer 1987), páginas 28 - 33
Enumeración y primera página página 28
942 ## - TIPO DE MATERIAL (KOHA)
Tipo de Item KOHA Artículos de Revista

No hay ítems disponibles.

Biblioteca FUSBC | Teléfono: (57+4) 349 88 10 Ext. 141| WhatsApp (+57) 3005338115 
E-mail: biblioteca@unisbc.edu.co | Calle 76 87-14 Robledo Palenque, Medellín, Colombia

Con tecnología Koha